| 000 | 01089nam a22002297a 4500 | ||
|---|---|---|---|
| 999 |
_c33404 _d33404 |
||
| 003 | OSt | ||
| 005 | 20240626205108.0 | ||
| 008 | 140214b2022 slv spa | ||
| 040 | _cBMC | ||
| 082 | _a576.64 | ||
| 100 | 1 |
_aMendoza Rodríguez, Sandra Estefanía _946664 |
|
| 245 | 1 | 0 |
_aEfecto de la hipertensión arterial en el desarrollo de complicaciones por la infección del virus SARS-COV-2 _b: investigación, informe final _cSandra Estefanía Mendoza Rodríguez, Luis Eduardo Murga Lemus, Eunice María Novales Mendoza |
| 260 |
_aSanta Ana (El Salvador) _bUniversidad Católica de El Salvador _c2021 |
||
| 300 |
_a42 h. _c28 cm _e+ 1 disco compacto |
||
| 500 | _aPrecede al tít.: Universidad Católica de El Salvador, Facultad de Ciencias de la Salud | ||
| 502 | _aPara optar al grado académico de: Doctorado en Medicina | ||
| 650 | 2 | 4 |
_923010 _aVirus |
| 700 | 1 |
_aMurga Lemus, Luis Eduardo _946665 |
|
| 700 | 1 |
_aNovales Mendoza, Eunice María _946666 |
|
| 710 | 2 |
_933484 _aUniversidad Católica de El Salvador _bFacultad de Ciencias de la Salud |
|
| 942 |
_2ddc _cTG _hprozim |
||